00550nam a2200193Ia 4500008004100000040001900041041001200060082002400072100002100096245003800117260005000155300002500205440002300230504001900253650002000272651002700292700002700319850001000346131103s9999 xx 000 0 und d aLoreto College aEnglish a937/MERbLCLIB/2577 aMerivale,Charles aHistory of RomecCharles Merivale aLondonbJ.M.Dent & Sonsc1911 (1937 printing) axvi,560 p. c 17 cm. aEveryman's Library aIncludes index aAncient History aRome - Ancient History aRhys,Ernest,series ed. aLCLIB